[Event "Top Jeunes"]
[Site "Montpellier"]
[Date "2010.12.19"]
[Round "4.4"]
[White "Dumas, Charles"]
[Black "Bourgery, William"]
[Result "1-0"]
[WhiteElo "1800"]
[BlackElo "1575"]
[PlyCount "135"]

1. e4 e6 2. d4 d5 3. e5 c5 4. c3 Nc6 5. Be3 Qb6 6. Qd2 f6 7. f4 Nh6 8. Nf3 Ng4
9. Bg1 Bd7 10. Bd3 cxd4 11. cxd4 Nb4 12. Be2 Rc8 13. Nc3 Qa5 14. a3 a6 15. h3
Nh6 16. Bf2 Nc6 17. O-O Be7 18. exf6 Bxf6 19. Ne5 Nxe5 20. fxe5 Be7 21. Bh5+
Kd8 22. b4 Qb6 23. Ne4 Bb5 24. Rfc1 Bc4 25. Nc5 Nf5 26. Rxc4 g6 27. Nxe6+ Qxe6
28. Rxc8+ Kxc8 29. Rc1+ Kb8 30. Bf3 h6 31. Qc3 Qd7 32. Bg4 Rf8 33. Bg3 Nxg3 34.
Bxd7 Ne2+ 35. Kh2 Nxc3 36. Rxc3 Rf4 37. Rd3 Kc7 38. Be6 Kc6 39. Rc3+ Kb6 40.
Bxd5 Rxd4 41. Bf7 g5 42. Kg3 Re4 43. e6 Bd6+ 44. Kf3 Rf4+ 45. Ke3 Be7 46. Rc8
Rf1 47. Re8 Bd6 48. Ke2 Rf5 49. Rh8 Rf6 50. Ke3 a5 51. bxa5+ Kxa5 52. Rd8 Bc5+
53. Ke4 Rf4+ 54. Kd5 Kb6 55. Ke5 Bxa3 56. Rh8 Bb2+ 57. Kd6 Bxh8 58. e7 Re4 59.
Be6 Rd4+ 60. Bd5 Rf4 61. e8=Q Rf6+ 62. Be6 Bg7 63. Qa4 Bf8+ 64. Kd5 Rf1 65.
Qd4+ Ka5 66. Qa7+ Kb4 67. Qxb7+ Ka3 68. Qa6+ 1-0

[Event "Top Jeunes"]
[Site "Montpellier"]
[Date "2010.12.19"]
[Round "4.5"]
[White "Ferrari, Louis"]
[Black "Albaric, Etienne"]
[Result "1/2-1/2"]
[WhiteElo "1608"]
[BlackElo "1707"]
[PlyCount "52"]

1. c4 Nf6 2. Nc3 e5 3. Nf3 Nc6 4. g3 d5 5. cxd5 Nxd5 6. Bg2 Be6 7. O-O Bc5 8.
Nxe5 Bxf2+ 9. Rxf2 Nxe5 10. Qa4+ Nc6 11. Qb5 Nxc3 12. Bxc6+ bxc6 13. Qxc6+ Bd7
14. Qxc3 O-O 15. d3 Re8 16. Bf4 c6 17. Kg2 Be6 18. e4 Qd7 19. Rc1 Rac8 20. Rfc2
Red8 21. Rd2 c5 22. Be3 f5 23. e5 Qc6+ 24. Kg1 Rd5 25. b4 c4 26. d4 Qb5 1/2-1/2

[Event "Top Jeunes"]
[Site "Montpellier"]
[Date "2010.12.19"]
[Round "4.6"]
[White "Roque, Gaetan"]
[Black "Baudry, Emilien"]
[Result "1-0"]
[WhiteElo "1561"]
[BlackElo "1559"]
[PlyCount "85"]

1. d4 Nf6 2. c4 c5 3. e3 Nc6 4. Nf3 e6 5. Nc3 Be7 6. Bd3 b6 7. O-O O-O 8. b3
Bb7 9. d5 Nb4 10. e4 d6 11. a3 Nxd3 12. Qxd3 h6 13. Bb2 Nh5 14. Bc1 Bc8 15. e5
dxe5 16. Nxe5 Qc7 17. Qe2 Bd6 18. Nb5 Qd8 19. Nxd6 Qxd6 20. Qxh5 exd5 21. Bf4
d4 22. Nd3 Qc6 23. Qd5 Qxd5 24. cxd5 Ba6 25. Rfd1 Rad8 26. d6 Rfe8 27. Rd2 Re4
28. f3 Re6 29. Kf2 Rf6 30. Bg3 Kf8 31. Re1 Bb7 32. Rde2 Bd5 33. d7 Be6 34. Bd6+
Kg8 35. Be7 Rxd7 36. Bxf6 gxf6 37. Nf4 Bxb3 38. Re8+ Kh7 39. Rf8 d3 40. Ree8 f5
41. Rh8+ Kg7 42. Rhg8+ Kh7 43. Nh5 1-0

[Event "Top Jeunes"]
[Site "Montpellier"]
[Date "2010.12.19"]
[Round "4.7"]
[White "Hebert, Floriane"]
[Black "Parent, Leo"]
[Result "1/2-1/2"]
[WhiteElo "1419"]
[BlackElo "1009"]
[PlyCount "126"]

1. e4 e5 2. Nf3 Nc6 3. Bc4 Bc5 4. O-O Nf6 5. d3 h6 6. Nc3 d6 7. h3 O-O 8. Be3
b6 9. Bb5 Bb7 10. Bxc5 bxc5 11. a3 a6 12. Bxc6 Bxc6 13. b4 Qd7 14. bxc5 dxc5
15. Nxe5 Qd6 16. Nxc6 Qxc6 17. Re1 Qd6 18. e5 Qd4 19. exf6 Qxc3 20. fxg7 Qxg7
21. Rb1 Rfe8 22. Rb3 Rad8 23. Rxe8+ Rxe8 24. Qg4 Kh8 25. Qxg7+ Kxg7 26. Kf1 f5
27. Rc3 Re5 28. d4 cxd4 29. Rxc7+ Kg6 30. Rc6+ Kg5 31. Rd6 Ra5 32. Rxd4 Rxa3
33. Rd1 a5 34. c4 Rc3 35. Ra1 Rxc4 36. Rxa5 Rc1+ 37. Ke2 Rc2+ 38. Ke3 Rc3+ 39.
Kd2 Rb3 40. Ra2 h5 41. g3 Rb4 42. f4+ Kh6 43. Ra3 Rb2+ 44. Kc1 Rh2 45. h4 Rh1+
46. Kb2 Rh2+ 47. Kb3 Rh3 48. Kc4 Rh2 49. Kd5 Rd2+ 50. Ke6 Kg6 51. Re3 Ra2 52.
Rd3 Ra6+ 53. Kd5 Ra5+ 54. Kc4 Ra4+ 55. Kb3 Ra6 56. Kc2 Rc6+ 57. Kd2 Re6 58. Rd8
Re7 59. Rg8+ Kf6 60. Rg5 Rh7 61. Ke3 Re7+ 62. Kf2 Rh7 63. Kf3 Rh8 1/2-1/2

[Event "Top Jeunes"]
[Site "Montpellier"]
[Date "2010.12.19"]
[Round "4.8"]
[White "Marcenac, Delphine"]
[Black "Ruble, Louis"]
[Result "0-1"]
[WhiteElo "1290"]
[BlackElo "1009"]
[PlyCount "70"]

1. e4 c6 2. Nc3 d5 3. d4 Nf6 4. exd5 cxd5 5. Nf3 Bf5 6. Bf4 Nc6 7. Bb5 a6 8.
Ba4 b5 9. Bb3 h6 10. O-O e6 11. h3 Be7 12. Re1 O-O 13. a3 Bd6 14. Qd2 Qc7 15.
Ne2 Ne4 16. Qc1 b4 17. a4 Bxf4 18. Nxf4 e5 19. Nxd5 Qa7 20. Ne3 Nxd4 21. Nxe5
Rac8 22. f3 Nxb3 23. Qd1 Nxa1 24. Qxa1 Nd6 25. Qd1 Nb7 26. Kf1 Be6 27. b3 a5
28. c4 Rce8 29. Nd3 Bd7 30. Qd2 Nc5 31. Nxc5 Qxc5 32. Qxd7 Rxe3 33. Rxe3 Qxe3
34. Qd1 Re8 35. Qe1 Qxe1# 0-1

[Event "Top Jeunes"]
[Site "Montpellier"]
[Date "2010.12.19"]
[Round "4.9"]
[White "Ruble, Louis"]
[Black "Hebert, Floriane"]
[Result "0-1"]
[WhiteElo "1009"]
[BlackElo "1419"]
[PlyCount "80"]

1. d4 d5 2. Nc3 Nf6 3. Bf4 Bf5 4. Nf3 e6 5. e3 Nc6 6. a3 a6 7. Bd3 Bg4 8. h3
Bh5 9. O-O h6 10. Be2 Bd6 11. Bxd6 Qxd6 12. Bd3 e5 13. Be2 e4 14. Nd2 Bxe2 15.
Qxe2 O-O 16. Rfe1 Ne7 17. b4 b6 18. b5 axb5 19. Nxb5 Qd7 20. Nc3 c5 21. dxc5
bxc5 22. Nb3 Rac8 23. Qa6 c4 24. Nd2 d4 25. Ne2 dxe3 26. fxe3 Qxd2 27. Rac1
Qxe3+ 28. Kf1 Qg5 29. a4 Nf5 30. Qb6 Nh4 31. Qf2 e3 32. Qg1 Qf5+ 33. Nf4 Qxf4+
34. Ke2 Ne4 35. Qxe3 Qxe3+ 36. Kxe3 Nxg2+ 37. Kxe4 Rfe8+ 38. Kf3 Nxe1+ 39. Kf2
Nxc2 40. Rxc2 c3 0-1

[Event "Top Jeunes"]
[Site "Montpellier"]
[Date "2010.12.19"]
[Round "4.10"]
[White "Parent, Leo"]
[Black "Marcenac, Delphine"]
[Result "0-1"]
[WhiteElo "1009"]
[BlackElo "1290"]
[PlyCount "56"]

1. e4 e5 2. Nf3 Nc6 3. Bc4 Nf6 4. Nc3 Nxe4 5. O-O Nxc3 6. dxc3 Bc5 7. Bg5 Be7
8. Qd2 O-O 9. Rfe1 d6 10. h3 Bxg5 11. Nxg5 h6 12. Nf3 Re8 13. Qe3 Bf5 14. Bd3
e4 15. Bxe4 Bxe4 16. Qf4 Bxc2 17. Rec1 Bg6 18. Re1 Rxe1+ 19. Rxe1 a5 20. a4 Qd7
21. Nh4 Ne5 22. Rd1 Nd3 23. Qc4 Nxb2 24. Qb3 Nxd1 25. Qxd1 Re8 26. Qb3 d5 27.
c4 Qd6 28. cxd5 Re1# 0-1

[Event "Top Jeunes"]
[Site "Montpellier"]
[Date "2010.12.19"]
[Round "5.1"]
[White "Aflalo, Sophie"]
[Black "Giroyan, Gary"]
[Result "0-1"]
[WhiteElo "2031"]
[BlackElo "2258"]
[PlyCount "78"]

1. e4 c5 2. Nf3 d6 3. d4 cxd4 4. Nxd4 Nf6 5. Nc3 Nc6 6. Bc4 Qb6 7. Nde2 e6 8.
Bb3 a6 9. Be3 Qc7 10. O-O b5 11. a3 Bb7 12. f3 Be7 13. Qe1 O-O 14. g4 Ne5 15.
g5 Nfd7 16. Qg3 Nb6 17. f4 Nec4 18. Bf2 d5 19. e5 Nxb2 20. Nd4 Rac8 21. Nce2 g6
22. Qh3 N2c4 23. Rfd1 Bc5 24. Kh1 Rfe8 25. Ng3 Nxa3 26. c3 a5 27. Rxa3 Bxa3 28.
Nxb5 Qc6 29. Nxa3 Qxc3 30. Rb1 a4 31. Nb5 Qd3 32. Ba2 Rc2 33. Rf1 Qxb5 34. Kg1
Rxa2 35. f5 exf5 36. Qh6 d4 37. e6 Rxe6 38. Bxd4 Rg2+ 39. Kh1 Rxg3+ 0-1

h1 Rxg3+ 0-1

[Event "Top Jeunes"]
[Site "Montpellier"]
[Date "2010.12.19"]
[Round "5.2"]
[White "Neri, Jean-Baptiste"]
[Black "Ralaivao, Maxence"]
[Result "1-0"]
[WhiteElo "2063"]
[BlackElo "1868"]
[PlyCount "91"]

1. d4 Nf6 2. Bg5 g6 3. Bxf6 exf6 4. e3 Bg7 5. g3 O-O 6. Bg2 d6 7. Ne2 c6 8. O-O
Bg4 9. c4 Qc8 10. Nbc3 Bh3 11. Qb3 Bxg2 12. Kxg2 f5 13. Rad1 Re8 14. d5 c5 15.
Nb5 Bf8 16. Qa4 a6 17. Nc7 b5 18. Nxb5 Nd7 19. Nbc3 Nb6 20. Qc2 Rb8 21. b3 Nd7
22. e4 fxe4 23. Nxe4 Qd8 24. Rde1 Ne5 25. N2c3 f5 26. Nd2 Qf6 27. f4 Ng4 28.
Nd1 Qf7 29. Nf3 h6 30. Qd2 Bg7 31. Rxe8+ Rxe8 32. Re1 Re4 33. h3 Qe7 34. Rxe4
Qxe4 35. Qe1 Nf6 36. Nf2 Qxe1 37. Nxe1 Kf8 38. Kf3 Ke7 39. Nc2 Nd7 40. g4 fxg4+
41. Nxg4 h5 42. Nf2 a5 43. Ne4 Nb6 44. Ng5 a4 45. Ne6 Bf6 46. Kg3 1-0

 46. Kg3 1-0

[Event "Top Jeunes"]
[Site "Montpellier"]
[Date "2010.12.19"]
[Round "5.3"]
[White "Stark, Gabriel"]
[Black "Lamard, Guillaume"]
[Result "0-1"]
[WhiteElo "1778"]
[BlackElo "2152"]
[PlyCount "42"]

1. d4 Nf6 2. c4 e6 3. Nc3 Bb4 4. Qc2 d5 5. Bd2 O-O 6. e3 b6 7. Nf3 Bb7 8. Be2
Nbd7 9. cxd5 exd5 10. O-O a6 11. Rac1 Bd6 12. Bd3 Qe7 13. Rfe1 Ne4 14. Qb3 Ndf6
15. h3 Rfe8 16. Bxe4 dxe4 17. Nh2 Rad8 18. a3 h5 19. Ne2 Nd5 20. g3 Qe6 21. Kg2
Nf4+ 0-1

g2
Nf4+ 0-1

[Event "Top Jeunes"]
[Site "Montpellier"]
[Date "2010.12.19"]
[Round "5.4"]
[White "Froment, Theophile"]
[Black "Letheux, Mathias"]
[Result "1-0"]
[WhiteElo "1877"]
[BlackElo "1374"]
[PlyCount "59"]

1. e4 e6 2. Nf3 d5 3. Nc3 c5 4. exd5 exd5 5. d4 Nc6 6. dxc5 d4 7. Nb5 Bxc5 8.
Bf4 Bb6 9. Nd6+ Ke7 10. Bc4 Be6 11. Qe2 Ba5+ 12. Kf1 h6 13. Nxf7 Qd7 14. Nxh8
Re8 15. Bxe6 Qxe6 16. Ng6+ Kd8 17. Qxe6 Rxe6 18. Nge5 Nf6 19. Nxc6+ Rxc6 20.
Nxd4 Rc4 21. c3 Bb6 22. f3 Nd5 23. g3 g5 24. Be5 Kd7 25. Ke2 Bxd4 26. Bxd4 a6
27. Rad1 Rc6 28. Rhe1 Rd6 29. Kf2 Kc7 30. Be5 1-0

 30. Be5 1-0

[Event "Top Jeunes"]
[Site "Montpellier"]
[Date "2010.12.19"]
[Round "5.5"]
[White "Stark, Antoine"]
[Black "Meunier, Clement"]
[Result "0-1"]
[WhiteElo "1675"]
[BlackElo "1841"]
[PlyCount "64"]

1. d4 Nf6 2. c4 c5 3. d5 b5 4. cxb5 a6 5. b6 e6 6. Nc3 Nxd5 7. Nxd5 exd5 8.
Qxd5 Nc6 9. e4 Be7 10. Bc4 O-O 11. Nf3 Rb8 12. O-O Rxb6 13. b3 d6 14. Re1 Be6
15. Qd3 Bf6 16. Rb1 Nb4 17. Qe2 Bxc4 18. bxc4 Re8 19. Rd1 Nd5 20. Rxb6 Nxb6 21.
Bf4 Qa8 22. Bxd6 Rxe4 23. Qd3 Rxc4 24. Be5 Be7 25. Bc7 Rb4 26. Bd8 Bf8 27. a3
Rb5 28. Ng5 g6 29. a4 Rb4 30. a5 Rd4 31. Qb3 c4 32. Qc2 Qxd8 0-1

Qc2 Qxd8 0-1

[Event "Top Jeunes"]
[Site "Montpellier"]
[Date "2010.12.19"]
[Round "5.6"]
[White "Raynaud, Jean-Philippe"]
[Black "Le Cour, Hugo"]
[Result "1-0"]
[WhiteElo "1620"]
[BlackElo "1372"]
[PlyCount "107"]

1. d4 Nf6 2. Bg5 d6 3. Bxf6 exf6 4. e3 g6 5. g3 Bg7 6. Bg2 O-O 7. Ne2 f5 8. O-O
Nd7 9. c3 Rb8 10. Nd2 b5 11. b4 Bb7 12. Nb3 Bxg2 13. Kxg2 Nf6 14. Qd3 Re8 15.
a4 a6 16. axb5 axb5 17. Ra5 Qd7 18. Nf4 Ne4 19. f3 Nf6 20. Kf2 Re7 21. Rc1 d5
22. Nc5 Qe8 23. Na6 Rb7 24. Nc5 Rb8 25. Rca1 c6 26. Ra6 Rc8 27. Rb6 g5 28. Ng2
g4 29. f4 Ne4+ 30. Nxe4 Rxe4 31. Raa6 Qd7 32. Ne1 Bf6 33. Ra3 Rce8 34. Nc2 h5
35. Qd1 Qe6 36. Qd3 Kg7 37. Ra1 Bd8 38. Rba6 h4 39. Re1 Qh6 40. Rg1 Rh8 41. Qf1
Rhe8 42. Rg2 Qe6 43. Qd3 Qe7 44. Rxc6 Rh8 45. Rc5 Qd7 46. Na3 Rhe8 47. Nc2 Bb6
48. Rxb5 Ba7 49. Ra5 Qe7 50. Rxd5 Qe6 51. Ra5 Bb6 52. Ra6 Rb8 53. c4 Qc8 54.
Ra3 1-0

4.
Ra3 1-0

[Event "Top Jeunes"]
[Site "Montpellier"]
[Date "2010.12.19"]
[Round "5.7"]
[White "Coulet, Arthur"]
[Black "Mautin, Arthur"]
[Result "1-0"]
[WhiteElo "1325"]
[BlackElo "1430"]
[PlyCount "90"]

1. d4 d5 2. c4 c6 3. Nc3 dxc4 4. e4 b5 5. a3 a6 6. Nf3 Nd7 7. Be2 Bb7 8. O-O
Ngf6 9. Bg5 e6 10. e5 h6 11. Bh4 g5 12. Nxg5 hxg5 13. Bxg5 Be7 14. exf6 Nxf6
15. Qd2 Qc7 16. Bf4 Bd6 17. Bg3 O-O-O 18. Qc2 Rdg8 19. b3 Nd5 20. Ne4 Bxg3 21.
Nxg3 cxb3 22. Qxb3 Rh4 23. Rfd1 Rgh8 24. h3 Nb6 25. Rac1 Kb8 26. Bf3 Rd8 27.
Ne4 f5 28. Nc5 Rhxd4 29. Rxd4 Rxd4 30. Bxc6 Rc4 31. Rxc4 bxc4 32. Qxb6 Qxc6 33.
Nxa6+ Ka8 34. Qxc6 Bxc6 35. Nb4 c3 36. h4 Be8 37. f3 Bh5 38. Kh2 Kb7 39. Kh3
Kb6 40. g4 fxg4+ 41. fxg4 Bf7 42. h5 Ka5 43. Kh4 Ka4 44. g5 Kxa3 45. Nc2+ Kb2
1-0

c2+ Kb2
1-0

[Event "Top Jeunes"]
[Site "Montpellier"]
[Date "2010.12.19"]
[Round "5.8"]
[White "Coulet, Axel"]
[Black "Bergougnoux, Axel"]
[Result "0-1"]
[WhiteElo "1190"]
[BlackElo "1360"]
[PlyCount "60"]

1. d4 d5 2. c4 c6 3. Nc3 Bf5 4. Nf3 e6 5. Bf4 Nf6 6. e3 Nbd7 7. Bd3 Bg6 8. O-O
Be7 9. Bg5 O-O 10. Bxf6 Nxf6 11. Qc2 Qc7 12. Nh4 Rad8 13. Nxg6 fxg6 14. Bxg6
hxg6 15. Qxg6 Bd6 16. Ne2 Bxh2+ 17. Kh1 Ne4 18. f3 Ng3+ 19. Nxg3 Qxg3 20. Qxg3
Bxg3 21. cxd5 exd5 22. f4 Rde8 23. Rf3 Bh4 24. Rh3 Bf2 25. Rf1 Bxe3 26. Rff3
Bxd4 27. Rh5 Bxb2 28. Rfh3 Rxf4 29. Rh8+ Kf7 30. Rh2 Re1# 0-1

Rh2 Re1# 0-1

[Event "Top Jeunes"]
[Site "Montpellier"]
[Date "2010.12.19"]
[Round "5.9"]
[White "Bergougnoux, Axel"]
[Black "Coulet, Arthur"]
[Result "0-1"]
[WhiteElo "1360"]
[BlackElo "1325"]
[PlyCount "46"]

1. e4 e6 2. Nc3 d5 3. d4 Nf6 4. Bg5 Be7 5. Nf3 Nxe4 6. Nxe4 dxe4 7. Bxe7 Qxe7
8. Ne5 f6 9. Nc4 Nc6 10. Be2 O-O 11. O-O f5 12. d5 exd5 13. Qxd5+ Be6 14. Qd2
Rad8 15. Qc3 Nd4 16. Rfe1 c5 17. Qd2 Nf3+ 18. gxf3 Rxd2 19. Nxd2 Qg5+ 20. Kf1
Qxd2 21. Rac1 Qg5 22. Rcd1 f4 23. fxe4 Bh3# 0-1

[Event "Top Jeunes"]
[Site "Montpellier"]
[Date "2010.12.19"]
[Round "5.10"]
[White "Mautin, Arthur"]
[Black "Coulet, Axel"]
[Result "1-0"]
[WhiteElo "1430"]
[BlackElo "1190"]
[PlyCount "64"]

1. d4 Nf6 2. c4 g6 3. Nf3 Bg7 4. Nc3 d6 5. Bg5 O-O 6. e4 c5 7. d5 e6 8. Be2 b6
9. O-O Bb7 10. Re1 Nbd7 11. dxe6 fxe6 12. Qxd6 Rf7 13. e5 Bf8 14. Qxe6 Nxe5 15.
Nxe5 Qe8 16. Qxf7+ Qxf7 17. Nxf7 Kxf7 18. Bf3 Bxf3 19. gxf3 Nh5 20. Rad1 h6 21.
Rd7+ Kg8 22. Be7 Re8 23. Rd8 Kf7 24. Rxe8 Kxe8 25. Bxf8+ Kxf8 26. Kg2 Nf4+ 27.
Kg3 Nd3 28. Re2 a5 29. Nb5 Kf7 30. b3 Kf6 31. h4 g5 32. hxg5+ hxg5 1-0

g5+ hxg5 1-0

[Event "Top Jeunes"]
[Site "Montpellier"]
[Date "2010.12.19"]
[Round "5.1"]
[White "Martin, Axel"]
[Black "Gelas, Christophe"]
[Result "1-0"]
[WhiteElo "1952"]
[BlackElo "2007"]
[PlyCount "103"]

1. e4 e6 2. d4 d5 3. exd5 exd5 4. Nf3 Nf6 5. c4 dxc4 6. Bxc4 Bb4+ 7. Nc3 O-O 8.
O-O Bg4 9. a3 Ba5 10. h3 Bxf3 11. Qxf3 Qxd4 12. Ba2 Nc6 13. Be3 Qh4 14. Nd5 Nd7
15. Qf5 Nde5 16. g3 Qd8 17. b4 Bb6 18. b5 Nd4 19. Bxd4 Bxd4 20. Rad1 c5 21.
Rxd4 cxd4 22. Qxe5 Qd7 23. Kh2 Rfe8 24. Qxd4 Rad8 25. Rd1 Qd6 26. Qh4 Kh8 27.
Bb1 h6 28. Ne3 Qb6 29. Rxd8 Rxd8 30. Qe4 g6 31. Qf4 Kg7 32. Ng4 Rd5 33. Qxh6+
Kg8 34. Qf4 Kg7 35. Ba2 Rf5 36. Qh6+ Kg8 37. Qd2 Kh7 38. Kg2 a6 39. a4 axb5 40.
axb5 Kg7 41. Bc4 Kh7 42. Qb2 Qd6 43. Qc1 Kg7 44. Qh6+ Kg8 45. Qe3 Kg7 46. Nh6
Rf6 47. h4 b6 48. h5 Qd7 49. hxg6 fxg6 50. Ng8 Qb7+ 51. Kg1 Rd6 52. Qh6# 1-0

[Event "Top Jeunes"]
[Site "Montpellier"]
[Date "2010.12.19"]
[Round "5.2"]
[White "Fuhrmann, Valentin"]
[Black "Grigorian, Roudolph"]
[Result "1-0"]
[WhiteElo "1868"]
[BlackElo "1888"]
[PlyCount "83"]

1. d4 Nf6 2. c4 g6 3. Nc3 Bg7 4. e4 d6 5. Nf3 O-O 6. Be2 e5 7. O-O Nc6 8. d5
Ne7 9. Ne1 Nd7 10. Be3 f5 11. f3 f4 12. Bf2 g5 13. a4 Nf6 14. c5 Ng6 15. Rc1
Rf7 16. a5 h5 17. cxd6 cxd6 18. Nb5 g4 19. Nxa7 Bd7 20. Bb6 Qe7 21. Rc7 Ne8 22.
Rxb7 Qh4 23. Rxd7 Rxd7 24. Bb5 Rdxa7 25. Bxa7 Rxa7 26. Bxe8 Qg5 27. Bxg6 Qxg6
28. b4 Bf6 29. Nd3 Bd8 30. Qe2 gxf3 31. Qxf3 h4 32. Rc1 Kf8 33. Rc6 Rh7 34.
Nxe5 Qf6 35. Nd3 Qa1+ 36. Rc1 Qd4+ 37. Kh1 Rf7 38. Rb1 h3 39. Qxh3 Qxe4 40.
Qh8+ Ke7 41. Re1 Qxe1+ 42. Nxe1 1-0

[Event "Top Jeunes"]
[Site "Montpellier"]
[Date "2010.12.19"]
[Round "5.3"]
[White "Rodriguez, Adrien"]
[Black "Bandet, Raphael"]
[Result "1-0"]
[WhiteElo "1859"]
[BlackElo "1764"]
[PlyCount "115"]

1. d4 d5 2. Nf3 Nf6 3. c4 e6 4. Nc3 Nbd7 5. Bg5 c6 6. e3 Qa5 7. Bxf6 Nxf6 8.
Bd3 Bb4 9. Qc2 dxc4 10. Bxc4 Ne4 11. Rc1 Nd6 12. Bd3 Qxa2 13. O-O Bxc3 14. Qxc3
Qd5 15. Rfe1 O-O 16. Ne5 Nb5 17. Qc2 h6 18. Be4 Qd8 19. Qe2 Nc7 20. Bb1 Qg5 21.
f4 Qd8 22. Qd3 f5 23. e4 Nb5 24. Rcd1 Nd6 25. exf5 exf5 26. d5 Qb6+ 27. Kh1 Ne4
28. Rxe4 fxe4 29. Qxe4 Bf5 30. Qc4 Qb5 31. Qxb5 cxb5 32. Ba2 Rfd8 33. d6+ Kf8
34. g4 Bc2 35. Rd2 Be4+ 36. Kg1 Rac8 37. Bb3 Rc5 38. Rd4 Bh7 39. Nf7 Ke8 40.
Nxd8 Kxd8 41. f5 a5 42. Rd2 a4 43. Be6 b4 44. Rd4 Rc1+ 45. Kf2 Rc2+ 46. Ke1 a3
47. bxa3 bxa3 48. Ra4 Rc8 49. Rxa3 Rb8 50. Rc3 Bg8 51. Bxg8 Kd7 52. Rc7+ Kxd6
53. Rxg7 Ke5 54. Rg6 h5 55. f6 hxg4 56. f7 Kf5 57. Re6 Kxe6 58. f8=Q+ 1-0

[Event "Top Jeunes"]
[Site "Montpellier"]
[Date "2010.12.19"]
[Round "5.4"]
[White "Dombre, Antoine"]
[Black "Dumas, Charles"]
[Result "1/2-1/2"]
[WhiteElo "1625"]
[BlackElo "1800"]
[PlyCount "97"]

1. Nf3 d5 2. g3 Nf6 3. Bg2 c6 4. O-O Bg4 5. d4 e6 6. Bf4 Bxf3 7. Bxf3 Bd6 8.
Bxd6 Qxd6 9. Nd2 O-O 10. c4 Rd8 11. cxd5 cxd5 12. Rc1 Nc6 13. Nb3 Rac8 14. e3
a6 15. Qe2 Rc7 16. Rc3 Rdc8 17. Rfc1 Ne7 18. Rxc7 Rxc7 19. Rxc7 Qxc7 20. Qd2
Nf5 21. Qc1 Qxc1+ 22. Nxc1 Nd6 23. Nd3 Nc4 24. Kf1 Nd2+ 25. Ke2 Nxf3 26. Kxf3
Ne4 27. h4 f6 28. Kf4 Kf7 29. f3 Nd6 30. e4 dxe4 31. fxe4 a5 32. g4 g6 33. g5
f5 34. Ne5+ Ke7 35. exf5 Nxf5 36. Nf3 Kd6 37. Ke4 b5 38. b3 b4 39. Ne5 Ng3+ 40.
Kf4 Ne2+ 41. Ke3 Nc3 42. Nc4+ Kd5 43. Nxa5 Nxa2 44. Nc4 Nc3 45. Nb6+ Kc6 46.
Nc4 Nd5+ 47. Ke4 Ne7 48. Ne5+ Kd6 49. Nc4+ 1/2-1/2

[Event "Top Jeunes"]
[Site "Montpellier"]
[Date "2010.12.19"]
[Round "5.5"]
[White "Albaric, Etienne"]
[Black "Bianchi, Tobias"]
[Result "0-1"]
[WhiteElo "1707"]
[BlackElo "1610"]
[PlyCount "100"]

1. e4 c5 2. Nf3 Nc6 3. c3 d5 4. e5 Bg4 5. Bb5 a6 6. Bxc6+ bxc6 7. d4 e6 8. Nbd2
Ne7 9. O-O Nf5 10. Qa4 Qc7 11. dxc5 Bxf3 12. Nxf3 Bxc5 13. Nd4 Bxd4 14. cxd4
O-O 15. Bd2 Rfc8 16. Rfc1 Qb6 17. Be3 Nxe3 18. fxe3 c5 19. Qc2 c4 20. Qf2 Rc7
21. h4 Rac8 22. Rc2 Qb7 23. Rc3 Rb8 24. Rc2 Rbc8 25. Rc3 Rb8 26. Rb1 a5 27. a3
a4 28. Qc2 Qc6 29. Qc1 Rb3 30. Qd2 Qb5 31. Qc2 Rb7 32. Rxb3 Qxb3 33. Qxb3 Rxb3
34. Kf2 Kf8 35. Ke2 Ke7 36. Kd2 Rd3+ 37. Ke2 Rb3 38. Kd2 Kd7 39. Rf1 Ke7 40.
Rb1 f5 41. exf6+ Kxf6 42. Rf1+ Ke7 43. Rb1 h6 44. g4 Kd7 45. Rf1 Ke7 46. Rb1
Kd6 47. h5 Ke7 48. Rf1 Rxb2+ 49. Kc1 Ra2 50. g5 Ra1+ 0-1

[Event "Top Jeunes"]
[Site "Montpellier"]
[Date "2010.12.19"]
[Round "5.6"]
[White "Lavault, Jeremie"]
[Black "Roque, Gaetan"]
[Result "0-1"]
[WhiteElo "1460"]
[BlackElo "1561"]
[PlyCount "92"]

1. d4 d5 2. c4 c6 3. Nc3 Nf6 4. Bg5 Nbd7 5. Nf3 e6 6. e3 Be7 7. Bd3 O-O 8. O-O
c5 9. cxd5 exd5 10. Bxf6 Nxf6 11. dxc5 Bxc5 12. Bc2 Be6 13. Nd4 Rc8 14. a3 a6
15. Rc1 Kh8 16. Nce2 Qd6 17. b4 Bxd4 18. Nxd4 Rc7 19. Qd3 Rfc8 20. Qd2 Ng4 21.
Nf3 Ne5 22. Nd4 Rc3 23. Bb1 Qc7 24. Ne2 Ng4 25. g3 Rc6 26. Rxc6 bxc6 27. Qd3 g6
28. Rc1 Ne5 29. Qc3 Kg8 30. Kg2 Bg4 31. Ng1 Qd6 32. h3 Bd7 33. Rd1 Qe7 34. Qd4
c5 35. Qxd5 Bc6 36. Kh2 Bxd5 37. Rxd5 cxb4 38. axb4 Rd8 39. Rc5 Qf6 40. f4 Rd2+
41. Kh1 Nf3 42. Nxf3 Rd1+ 43. Kg2 Rxb1 44. Ne5 Qe7 45. Nc6 Qe4+ 46. Kf2 Rb2+
0-1

[Event "Top Jeunes"]
[Site "Montpellier"]
[Date "2010.12.19"]
[Round "5.7"]
[White "Parent, Leo"]
[Black "Lavault, Samuel"]
[Result "0-1"]
[WhiteElo "1009"]
[BlackElo "1520"]
[PlyCount "73"]

1. e4 c5 2. Nf3 Nc6 3. Bc4 g6 4. d3 Bg7 5. O-O e6 6. Bg5 Qc7 7. Qd2 Bxb2 8. Nc3
Bxa1 9. Rxa1 a6 10. Bf4 d6 11. Qe3 Qd7 12. e5 b5 13. Bb3 dxe5 14. Nxe5 Qb7 15.
Qxc5 Nge7 16. Bg5 Bd7 17. Bf6 Rg8 18. Nxc6 Bxc6 19. f3 Rc8 20. Ne4 Bxe4 21.
dxe4 Rxc5 22. Rd1 g5 23. g4 Rg6 24. e5 Qxf3 25. Rd3 Qxg4+ 26. Kf2 Rxf6+ 27.
exf6 Qf5+ 28. Rf3 Qg6 29. fxe7 Kxe7 30. h3 g4 31. hxg4 Qxg4 32. c3 Qh4+ 33. Kg2
Rg5+ 34. Kf1 Qh1+ 35. Ke2 Re5+ 36. Kf2 Qh2+ 37. Kf1 0-1

[Event "Top Jeunes"]
[Site "Montpellier"]
[Date "2010.12.19"]
[Round "5.8"]
[White "Ruble, Louis"]
[Black "Lary, Damien"]
[Result "0-1"]
[WhiteElo "1009"]
[BlackElo "1410"]
[PlyCount "60"]

1. d4 Nf6 2. Nc3 d5 3. Bf4 e6 4. Nf3 Bb4 5. a3 Bxc3+ 6. bxc3 O-O 7. e3 Ne4 8.
Qd3 Nc6 9. Be2 b6 10. O-O a5 11. c4 Ba6 12. Qb3 dxc4 13. Bxc4 Bxc4 14. Qxc4 Qd7
15. Qd3 f5 16. h3 Ne7 17. Qc4 Nd5 18. Ne5 Qe7 19. Nc6 Qf7 20. Ne5 Qe8 21. f3
Nd2 22. Qe2 Nxf1 23. Qxf1 Nc3 24. Qc4 Nd5 25. e4 Nxf4 26. Qxc7 Rc8 27. Qxb6
Rxc2 28. g3 Nxh3+ 29. Kf1 Rh2 30. Re1 Rf2# 0-1

[Event "Top Jeunes"]
[Site "Montpellier"]
[Date "2010.12.19"]
[Round "5.10"]
[White "Lavault, Samuel"]
[Black "Ruble, Louis"]
[Result "1-0"]
[WhiteElo "1520"]
[BlackElo "1009"]
[PlyCount "101"]

1. e4 c6 2. d4 d5 3. Nc3 dxe4 4. Nxe4 Bf5 5. Bd3 Nd7 6. Nf3 e6 7. Bf4 Qa5+ 8.
c3 Ngf6 9. Qc2 Nxe4 10. Bxe4 Bxe4 11. Qxe4 Nf6 12. Qd3 Qb6 13. b3 c5 14. dxc5
Bxc5 15. O-O Ng4 16. Bg3 O-O 17. Ng5 f5 18. h3 Nf6 19. Rfe1 Rad8 20. Qc2 Rde8
21. b4 Bd6 22. Bxd6 Qxd6 23. Qb3 Nd5 24. Rad1 h6 25. c4 hxg5 26. cxd5 exd5 27.
Qa4 Rxe1+ 28. Rxe1 Qa6 29. Qb3 Qd6 30. a3 Kh7 31. Qe3 f4 32. Qxa7 Rf7 33. Qd4
Qc6 34. Qd3+ g6 35. Re5 Qc1+ 36. Kh2 Qc7 37. Rxg5 f3+ 38. g3 Qd6 39. Rh5+ Kg7
40. Qd4+ Qf6 41. Rxd5 Qxd4 42. Rxd4 Re7 43. g4 Re2 44. Kg3 Ra2 45. Rd7+ Kf6 46.
Rxb7 Rxa3 47. b5 Rb3 48. b6 Rxb6 49. Rxb6+ Kg5 50. h4+ Kh6 51. Kxf3 1-0

[Event "Top Jeunes"]
[Site "Montpellier"]
[Date "2010.12.19"]
[Round "5.1"]
[White "Malka, Samuel"]
[Black "Cabanes, Kim"]
[Result "1/2-1/2"]
[WhiteElo "1966"]
[BlackElo "1990"]
[PlyCount "81"]

1. d4 Nf6 2. c4 c5 3. d5 a6 4. a4 e5 5. Nc3 d6 6. g3 Be7 7. Bg2 Bd7 8. e4 a5 9.
Nge2 Qc8 10. O-O Bh3 11. f4 Bxg2 12. Kxg2 exf4 13. Nxf4 Nbd7 14. Nd3 h5 15. h3
h4 16. g4 Nh7 17. Bf4 Ra6 18. Qd2 O-O 19. Rae1 Qd8 20. e5 dxe5 21. Nxe5 Nxe5
22. Bxe5 Bg5 23. Qd3 Rg6 24. Ne4 b6 25. b3 Bf6 26. Bxf6 Nxf6 27. Nxf6+ Rxf6 28.
Rxf6 Qxf6 29. Qf3 Qg5 30. Qe3 Qg6 31. Qe4 Qg5 32. Qe3 Qg6 33. Qe4 Kh7 34. Qxg6+
Kxg6 35. Re5 f6 36. Re6 Rb8 37. Kf3 Kf7 38. Kf4 g6 39. g5 f5 40. Ke5 Re8 41.
Rxe8 1/2-1/2